Countries that Border D.R. Congo - Statistics

General Stats
  • This quiz has been taken 23 times
  • The average score is 8 of 8
Answer Stats
Countries % Correct
Angola
100%
Zambia
100%
Burundi
95%
Republic of the Congo
95%
Rwanda
95%
Central African Republic
90%
South Sudan
90%
Uganda
90%
No matching quizzes found
Score Distribution
Percent of People with Each Score
Percentile by Number Answered
Your Score History
You have not taken this quiz